DC Super Villains - Statistics

General Stats
  • This quiz has been taken 1,586 times
    1,576 since last reset
  • The average score is 20 of 31
Answer Stats
Hint Answer % Correct
The Clown Prince of Crime The Joker
100%
Expert Cat Burglar and frenemy to Batman Catwoman
92%
His Sidekick. Formerly a therapist at Arkham Asylum Harley Quinn
92%
Crazed Botanist who can control plant life Poison Ivy
89%
aka. Dr. Jonathan Crane. Uses fear gas on his Victims Scarecrow
87%
He uses a freeze ray on his enemies and tries to save his frozen wife Mr. Freeze
85%
He broke the Batman Bane
83%
Superman's arch enemy who prefers Brains over Brawn Lex Luthor
81%
"Oh, I'm nothing like The Flash at all. Some would say I'm the Reverse." Reverse Flash
78%
aka Waylon Jones. He has a rare skin condition which gives him Reptile-like scales. Killer Croc
74%
aka Basil Karlo. He's made of mud and can change his shape into anything Clayface
73%
Was once Gotham's 'White Knight' D.A Two-Face
73%
aka Slade Wilson. A very deadly assassin for hire Deathstroke
71%
Discharged General of Krypton's Military General Zod
71%
The god of War Ares
66%
Bank Robber who uses a 'Cold Gun' to fight The Flash Captain Cold
65%
Evil Lord of the planet Apokalips. Usally enemy of Superman and the Justice League Darkseid
65%
He Killed Superman Doomsday
64%
Former Green Lantern who harnessed the power of Fear Thaal Sinestro
64%
Physic Gorilla who with the power of mind control Gorilla Grodd
63%
Alien Android who collects worlds Brainiac
62%
Leader of 'The League of Assassins' Ra's al Ghul
62%
Not really a Villain but he is a 'Bizarre' doppelganger of Superman Bizarro
61%
aka Dr. Barbara Minerva. Feline enemy of Wonder Woman Cheetah
59%
Human enemy of Aquaman. Uses high tech weapons to fight him. Black Manta
57%
Raven's Demon Father Trigon
44%
His sidekick who uses a 'Heat Gun' Heatwave
39%
Aquaman's stepbrother who envys his brother's throne. Ocean Master
35%
Evil Leader of the Red Lanterns Atrocitus
34%
A cyborg powered by Kryptonite Metallo
31%
Has the Power to drain energy from his victims Parasite
23%
No matching quizzes found
Score Distribution
Percent of People with Each Score
Percentile by Number Answered
Your Score History
You have not taken this quiz since the last reset